| 000 | 00487nam a2200169Ia 4500 | ||
|---|---|---|---|
| 003 | GCL | ||
| 008 | 140319s9999 xx 000 0 ara d | ||
| 040 |
_aGCL / _cGCL |
||
| 082 | 0 | 4 |
_a398.9 _bا م |
| 100 | 1 | _aاميل بديع يعقوب | |
| 245 | 1 | 0 |
_aموسوعة أمثال العرب / _cاميل بديع يعقوب |
| 490 | _a | ||
| 650 | 0 | 4 | _aالادب العربى |
| 650 | 0 | 4 | _aالامثال العربية |
| 650 | 0 | 4 | _aالاهاجى والفكاهات |
| 942 |
_2ddc _cBK |
||
| 999 |
_c39004 _d39004 |
||